The history of mathematics : An introduction

Gespeichert in:
Bibliographische Detailangaben
1. Verfasser: Burton, David M.
Format: Buch
Sprache:Undetermined
Veröffentlicht: Boston, MA McGraw-Hill 2003
Schlagworte:
Tags: Tag hinzufügen
Keine Tags, Fügen Sie den ersten Tag hinzu!
Thư viện lưu trữ: Trung tâm Học liệu Trường Đại học Cần Thơ
LEADER 00551nam a2200217Ia 4500
001 CTU_61425
008 210402s9999 xx 000 0 und d
020 |c 1688000 
082 |a 510.9 
082 |b B974 
100 |a Burton, David M. 
245 4 |a The history of mathematics : 
245 3 |b An introduction 
245 0 |c David M. Burton 
260 |a Boston, MA 
260 |b McGraw-Hill 
260 |c 2003 
650 |a Mathematics 
650 |x History 
904 |i Trọng Hải 
980 |a Trung tâm Học liệu Trường Đại học Cần Thơ